000 00642nam a2200181Ia 4500
008 090124s9999 xx 000 0 und d
082 _b1308
_a221
100 _aक्याप्टन डेविड केपन साहेब
245 _a मरठ्यांची बखर
250 _a10
260 _c1916
300 _a398+2
600 _aक्याप्टन डेविड केपन साहेब
630 _a मरठ्यांची बखर
700 _aक्याप्टन डेविड केपन साहेब
730 _a मरठ्यांची बखर
942 _cBOOK
999 _c115263
_d115263